1460 1548 1265 1276 1661 1800 1694 1000 1071 1743 1000 1807 1942 1725 1548 1887 1418 1284 1386 1096 1485 1522 1234 1796 1261 1401 1088 1045 1072 1913 1596 1629 1232 1698 1473 1665 1689 1137 1710 1230 1472 1232 1840 1592 1047 1532 1303 1657 1074 1154 1148 1506 1006 1761 1576 1688 1622 1609 1197 1373 1704 1888 1066 1543 1900 1689 1516 1885 1837 1239 1636 1461 1847 1719 1269 1288 1997 1981 1721 1203 1220 1667 1085 1259 1195 1335 1425 1088 1866 1316 1898 1107 1780 1957 1611 1119 1050 1568 1336 BCNSPRNW ULIB Ver.6.0+V

เปลี่ยนเป็นภาษาไทย

Change to English
 แสดงรายละเอียดบรรณานุกรม
  กลับหน้าหลัก

Brief Record : Get Marc (ISO 2709) : E-mail record : QR code < ปิดหน้าต่าง
LEADER : 00000nam 2200000uu 4500
001    13399128591
003     ULIB
008    230912s2564||||th 000 0 tha d
020    ^a9786168122112
060 04 ^aWX218^bIS17
245 10 ^aICU SURVIVAL GUIDEBOOK /^cบรรณาธิการ, สุทัศน์ รุ่งเรืองหิรัญญา[และคนอื่นๆ]
250    ^aพิมพ์ครั้งที่ 3
260    ^aกรุงเทพฯ :^bสมาคมเวชบำบัดวิฤตแห่งประเทศไทย,^c2564
300    ^a226 หน้า:^bภาพประกอบ. ;^cซม.
650  2 ^aหน่วยรักษาพยาบาลผู้ป่วยหนัก
650  4 ^aIntensive Care Unites
700 1  ^aสุทัศน์ รุ่งเรืองหิรัญญา.^eบรรณาธิการ
945    ^p320^l0^i29802
945    ^p320^l0^i29803
999    ^aกัณชพร จุลอักษร
รายการนี้ยังไม่มีแท็ก
คุณยังไม่ได้ล็อกอิน คุณสามารถมีกิจกรรมร่วมกับเว็บไซต์ได้ แต่ต้องล็อกอินก่อน ::
  ล็อกอิน

รายการสื่อสารสนเทศ

ลำดับที่ ประเภท เลขเรียก/บาร์โค้ด สถานที่ สถานะ
1. หนังสือสำรอง
หนังสือสำรอง
WX218 IS17 ฉ.1 
  Barcode: 29802
ห้องสมุดวิทยาเขตนครสวรรค์
►หนังสือทั่วไป:l:General Books
บนชั้น
2. วิทยาศาสตร์การแพทย์ และสุขภาพ
วิทยาศาสตร์การแพทย์ และสุขภาพ
WX218 IS17 ฉ.2 
  Barcode: 29803
ห้องสมุดวิทยาเขตนครสวรรค์
►หนังสือทั่วไป:l:General Books
บนชั้น

รายการใกล้เคียง
    หัวเรื่อง [หน่วยรักษาพยาบาลผู้ป่วยหนัก]
    หัวเรื่อง [Intensive Care Unites]

BibComment


ยังไม่เคยถูกคอมเมนท์

คอมเมนท์ทรัพยากรรายการนี้
  คอมเมนท์: ICU SURVIVAL GUI..


 Copyright 2026. Bcnsprnw @Library